MARC details
| 000 -CABECERA |
| campo de control de longitud fija |
00744nam a2200217 a 4500 |
| 001 - NÚMERO DE CONTROL |
| campo de control |
000042250 |
| 005 - FECHA Y HORA DE LA ÚLTIMA TRANSACCIÓN |
| campo de control |
20201002040029.0 |
| 008 - DATOS DE LONGITUD FIJA--INFORMACIÓN GENERAL |
| campo de control de longitud fija |
131120s1997 sp ac 001 0 spa d |
| 020 ## - NÚMERO INTERNACIONAL ESTÁNDAR DEL LIBRO |
| Número Internacional Estándar del Libro |
8408020730 |
| 040 ## - FUENTE DE LA CATALOGACIÓN |
| Centro catalogador/agencia de origen |
DO-SdBNP |
| Lengua de catalogación |
spa |
| Centro/agencia transcriptor |
BNPHU |
| 100 1# - ENTRADA PRINCIPAL--NOMBRE DE PERSONA |
| Nombre de persona |
Vila-San-Juan, José Luis, |
| Fechas asociadas al nombre |
1926- |
| 9 (RLIN) |
69275 |
| 245 10 - MENCIÓN DE TÍTULO |
| Título |
Amadeo I : |
| Resto del título |
El rey caballero / |
| Mención de responsabilidad, etc. |
Juan, José Luis, Vila-San. |
| 246 14 - FORMA VARIANTE DE TÍTULO |
| Título propio/Titulo breve |
La vida y la época de Amadeo I |
| 260 ## - PUBLICACIÓN, DISTRIBUCIÓN, ETC. |
| Lugar de publicación, distribución, etc. |
Barcelona : |
| Nombre del editor, distribuidor, etc. |
Planeta, |
| Fecha de publicación, distribución, etc. |
1997. |
| Nombre del editor, distribuidor, etc. |
il., retrs. |
| 300 ## - DESCRIPCIÓN FÍSICA |
| Extensión |
229 p. : |
| Otras características físicas |
25 cm. |
| 490 1# - MENCIÓN DE SERIE |
| Mención de serie |
Los reyes de España ; |
| Designación de volumen o secuencia |
17 |
| 500 ## - NOTA GENERAL |
| Nota general |
Incluye índice |
| 504 ## - NOTA DE BIBLIOGRAFÍA, ETC. |
| Nota de bibliografía, etc. |
Bibliografía : p. 225-226 |
| 504 ## - NOTA DE BIBLIOGRAFÍA, ETC. |
| Nota de bibliografía, etc. |
Incluye referencias bibliográficas y notas al pie de las páginas |
| 830 #0 - PUNTO DE ACCESO ADICIONAL DE SERIE-TÍTULO UNIFORME |
| Título uniforme |
Los reyes de España |
| Designación de volumen o secuencia |
17 |
| 9 (RLIN) |
69276 |